[Event "Kvika Reykjavik Open 2022"]
[Site "Reykjavik ISL"]
[Date "2022.04.09"]
[Round "5.52"]
[White "Finnsson, Johann Arnar"]
[Black "Mai, Aron Thor"]
[Result "0-1"]
[WhiteElo "1805"]
[BlackElo "2081"]
[WhiteFideId "2308240"]
[BlackFideId "2313383"]
[EventDate "2022.04.06"]

1. g3 Nf6 2. Bg2 g6 3. c4 Bg7 4. Nc3 O-O 5. d3 d6 6. Rb1 c5 7. e3 Nc6 8. Nge2
Bd7 9. a3 Rb8 10. b4 b6 11. h4 Ne5 12. b5 Bg4 13. f4 Ned7 14. Qa4 Qc7 15. Bb2 e6
16. O-O Nh5 17. Bf3 Ndf6 18. e4 Bxf3 19. Rxf3 Ng4 20. Nd1 f5 21. Nf2 Nxf2 22.
Kxf2 Nf6 23. Bxf6 Bxf6 24. Qc2 Rbe8 25. Re1 Qd7 26. a4 fxe4 27. dxe4 d5 28. e5
Bg7 29. Rd1 Qb7 30. Ng1 d4 31. Re1 Ra8 32. Rb3 a6 33. Nf3 axb5 34. Rxb5 Qc6 35.
Reb1 Ra6 36. R1b2 Rd8 37. Qd3 Re8 38. Qc2 Bf8 39. Nd2 Be7 40. Ne4 Rf8 41. Qb1
Bxh4 42. Rxb6 Rxb6 43. Rxb6 Rxf4+ 44. Kg1 Qxe4 45. gxf4 Qe3+ 46. Kg2 Qf2+ 47.
Kh1 Qf3+ 48. Kg1 Bf2+ 0-1

[Event "Kvika Reykjavik Open 2022"]
[Site "Reykjavik ISL"]
[Date "2022.04.09"]
[Round "5.54"]
[White "Haugen, Lars Tormod"]
[Black "Dougherty, Michael"]
[Result "0-1"]
[BlackTitle "FM"]
[WhiteElo "1741"]
[BlackElo "2066"]
[WhiteFideId "1559966"]
[BlackFideId "2601559"]
[EventDate "2022.04.06"]

1. c4 g6 2. Nc3 Bg7 3. g3 d6 4. Bg2 e5 5. d3 Nc6 6. e4 Nd4 7. Nge2 h5 8. h3 g5
9. Nxd4 exd4 10. Ne2 h4 11. g4 Be5 12. f4 gxf4 13. Nxf4 Ne7 14. O-O Be6 15. Nxe6
fxe6 16. Bg5 Qd7 17. Qd2 Ng6 18. Bf6 Bxf6 19. Rxf6 Ne5 20. Raf1 O-O-O 21. R1f4
c5 22. Bf1 Qg7 23. Qf2 Rh6 24. Be2 Rxf6 25. Rxf6 Kd7 26. Kg2 Qg5 27. Qf4 Qxf4
28. Rxf4 Ke7 29. g5 Ng6 30. Rf6 Rg8 31. Bg4 Nf8 32. Rh6 Rxg5 33. Rxh4 Rg7 34.
Rh6 a6 35. Kf3 Ng6 36. Ke2 b5 37. cxb5 axb5 38. Kd2 Nf4 39. b3 b4 40. Kc2 Rg8
41. Rh7+ Kf6 42. Rh6+ Ke5 43. Kb1 Ra8 44. Ka1 d5 45. Bxe6 dxe4 46. Bg4 Nxd3 47.
Kb1 Kf4 48. Rf6+ Ke3 49. Rf1 Re8 50. Kc2 Nf4 51. Kd1 Nd5 52. Kc2 d3+ 53. Kb2 Kd4
54. Bf5 Ne3 55. Rf4 Nxf5 56. Rxf5 e3 57. Rf4+ Re4 58. Rxe4+ Kxe4 0-1

[Event "Kvika Reykjavik Open 2022"]
[Site "Reykjavik ISL"]
[Date "2022.04.09"]
[Round "5.55"]
[White "Steiners, Emils"]
[Black "Jonsson, Gauti Pall"]
[Result "0-1"]
[WhiteElo "1731"]
[BlackElo "2064"]
[WhiteFideId "11629991"]
[BlackFideId "2309092"]
[EventDate "2022.04.06"]

1. e4 c5 2. d4 cxd4 3. c3 d3 4. Bxd3 g6 5. Nf3 Bg7 6. O-O Nc6 7. Re1 d6 8. Bf4
Nf6 9. Nbd2 O-O 10. h3 Nd7 11. Nc4 Nc5 12. Bc2 Ne6 13. Bh2 b5 14. Ne3 Bd7 15. a3
a5 16. Rb1 b4 17. c4 Rb8 18. a4 b3 19. Bxb3 Nc5 20. Bc2 Bxb2 21. Qe2 Bg7 22.
Rxb8 Nxb8 23. Rd1 Nc6 24. e5 dxe5 25. Ng4 f6 26. Qe3 Ne6 27. h4 Ned4 28. Be4
Bxg4 29. Bxc6 Qc8 30. Bd5+ e6 31. Be4 f5 32. Bb1 Bxf3 33. gxf3 Qc6 34. Kg2 Rb8
35. Bd3 Bh6 36. Be4 fxe4 37. Qxh6 exf3+ 38. Kh1 Qe4 39. Qg5 Nc6 40. h5 Rb1 41.
Qg1 Rxd1 42. Qxd1 Qg4 43. Qf1 Qxh5 44. c5 Qg4 45. Bg3 h5 46. Kg1 h4 47. Qa6 hxg3
48. Qc8+ Kf7 49. Qd7+ Ne7 50. Qd2 gxf2+ 0-1

[Event "Kvika Reykjavik Open 2022"]
[Site "Reykjavik ISL"]
[Date "2022.04.09"]
[Round "5.57"]
[White "Barthel, Ansgar"]
[Black "Gregersen, Einar"]
[Result "1/2-1/2"]
[WhiteElo "2053"]
[BlackElo "1822"]
[WhiteFideId "4643461"]
[BlackFideId "7200153"]
[EventDate "2022.04.06"]

1. e4 c5 2. Nf3 d6 3. d4 cxd4 4. Nxd4 Nf6 5. Nc3 a6 6. f4 e5 7. Nf3 Nbd7 8. a4
Qc7 9. Bd3 Be7 10. O-O O-O 11. Kh1 Nc5 12. Qe2 Re8 13. fxe5 dxe5 14. Bg5 Be6 15.
Nh4 Qb6 16. Rab1 Kh8 17. Nf5 Nxd3 18. cxd3 Ng8 19. Nxe7 Nxe7 20. b4 Rad8 21. Be3
Qd6 22. Rfd1 Qd7 23. Qf2 Rc8 24. Qb2 Bg4 25. Rd2 f5 26. Bg5 f4 27. Bxe7 Qxe7 28.
Nd5 Qh4 29. Rf1 Rc6 30. Rdf2 Kg8 31. g3 fxg3 32. Rf7 Rce6 33. Nc7 R6e7 34. Rxe7
Rxe7 35. Qa2+ Be6 36. Nxe6 g2+ 37. Qxg2 Rxe6 38. Qa2 Qh3 39. Rf2 h6 40. Qd5 Kh7
41. Qd7 Qg4 42. Rf1 Qe2 43. Qf7 Rg6 44. Qf3 Qd2 45. Rg1 Rxg1+ 46. Kxg1 Qg5+ 1/2-1/2

[Event "Kvika Reykjavik Open 2022"]
[Site "Reykjavik ISL"]
[Date "2022.04.09"]
[Round "5.58"]
[White "Eedle, Eric F"]
[Black "Briem, Stephan"]
[Result "0-1"]
[WhiteElo "1559"]
[BlackElo "2048"]
[WhiteFideId "429627"]
[BlackFideId "2312506"]
[EventDate "2022.04.06"]

1. d4 Nf6 2. c4 e6 3. Nc3 Bb4 4. f3 d5 5. a3 Be7 6. e4 dxe4 7. fxe4 e5 8. d5 Bc5
9. Bg5 Bd4 10. Nf3 Bxc3+ 11. bxc3 Qd6 12. Bd3 Na6 13. O-O h6 14. Bh4 Nh5 15. Nd2
Nf4 16. Bc2 Bd7 17. Ba4 Nc5 18. Bxd7+ Qxd7 19. Bg3 g5 20. Rb1 O-O 21. Bxf4 exf4
22. Qh5 Kg7 23. Rf3 Qd6 24. g3 Qg6 25. Qxg6+ fxg6 26. Kg2 Rae8 27. gxf4 gxf4 28.
Nb3 Nxb3 29. Rxb3 b6 30. c5 Rxe4 31. d6 cxd6 32. cxb6 axb6 33. Rxb6 Ra4 34. Rxd6
g5 35. c4 Rxc4 36. Rb3 Rf7 37. Rbb6 f3+ 38. Kf1 Rc1+ 39. Kf2 Rc2+ 40. Kf1 Rc1+
41. Kf2 Rc2+ 42. Kf1 Rxh2 43. Rg6+ Kh7 44. Rgf6 Rxf6 45. Rxf6 g4 46. a4 Ra2 47.
Rf4 h5 48. Rf5 Kg6 49. Rf8 Kg5 0-1

[Event "Kvika Reykjavik Open 2022"]
[Site "Reykjavik ISL"]
[Date "2022.04.09"]
[Round "5.59"]
[White "Ritzka, Simon"]
[Black "Haraldsson, Sigurjon"]
[Result "1-0"]
[WhiteElo "2038"]
[BlackElo "1806"]
[WhiteFideId "12925390"]
[BlackFideId "2303655"]
[EventDate "2022.04.06"]

1. e4 e6 2. d4 d5 3. Nd2 Nf6 4. e5 Nfd7 5. Bd3 c5 6. c3 Nc6 7. Ne2 Qb6 8. Nf3
cxd4 9. cxd4 Be7 10. O-O O-O 11. Nf4 Nb4 12. Bb1 Qd8 13. a3 Na6 14. Qd3 g6 15.
g3 Re8 16. h4 Nf8 17. Nh3 Bd7 18. Bh6 Qb6 19. Nfg5 f5 20. exf6 Bxf6 21. Bxf8 Bb5
22. Qf3 Rxf8 23. Nxh7 Bxd4 24. Nxf8 Rxf8 25. Qg4 Bg7 26. Qxg6 Rf6 27. Qh7+ Kf8
28. Bd3 Nc5 29. Bxb5 Qxb5 30. Rac1 Rh6 31. Qc2 Na6 32. Ng5 Ke7 33. Rfe1 Qd7 34.
b4 b6 35. Qe2 Nc7 36. Rxc7 1-0

[Event "Kvika Reykjavik Open 2022"]
[Site "Reykjavik ISL"]
[Date "2022.04.09"]
[Round "5.60"]
[White "Thorhallsson, Simon"]
[Black "Baecker, Niko"]
[Result "0-1"]
[WhiteTitle "FM"]
[WhiteElo "2252"]
[BlackElo "1885"]
[WhiteFideId "2310090"]
[BlackFideId "1669141"]
[EventDate "2022.04.06"]

1. e4 c5 2. Nc3 Nc6 3. Bb5 g6 4. Bxc6 dxc6 5. d3 Bg7 6. Be3 b6 7. Qd2 e5 8. f4
exf4 9. Bxf4 Be6 10. Nf3 h6 11. O-O Ne7 12. Kh1 g5 13. Bg3 Ng6 14. Qe1 h5 15. h4
gxh4 16. Nxh4 Qg5 17. Nxg6 Qxg6 18. Bf4 O-O-O 19. Qh4 Rdg8 20. Qh2 Kb7 21. a4 a5
22. Ne2 h4 23. Rg1 Qg4 24. Rae1 h3 25. Qg3 Qh5 26. Qg5 hxg2+ 27. Kxg2 Bd4 0-1

[Event "Kvika Reykjavik Open 2022"]
[Site "Reykjavik ISL"]
[Date "2022.04.09"]
[Round "5.61"]
[White "Sarkisian, Arman"]
[Black "Johansson, Carl Fredrik"]
[Result "1-0"]
[BlackTitle "CM"]
[WhiteElo "1862"]
[BlackElo "2221"]
[WhiteFideId "261858"]
[BlackFideId "1701576"]
[EventDate "2022.04.06"]

1. e4 c5 2. Nf3 d6 3. d4 cxd4 4. Nxd4 Nf6 5. Nc3 g6 6. Be3 Bg7 7. f3 O-O 8. Qd2
Nc6 9. O-O-O Be6 10. Nxe6 fxe6 11. Bc4 Qc8 12. Bh6 Ne5 13. Bb3 Nc4 14. Qg5 Nxb2
15. Kxb2 Nxe4 16. Bxe6+ Qxe6 17. fxe4 Bxc3+ 18. Kxc3 Rac8+ 19. Kd3 Rc5 20. Qd2
Rfc8 21. Rhf1 g5 22. Bxg5 Qc4+ 23. Ke3 Rxg5 24. Rf2 d5 25. Qd4 Qxa2 26. exd5
Qa3+ 27. Rd3 Qd6 28. h3 Qh6 29. Kf3 Rf5+ 30. Kg3 Qd6+ 31. Kh4 Qh6+ 32. Kg3 Qd6+
33. Kh4 Rxf2 34. Qxf2 Rc4+ 35. g4 Rf4 36. Qxa7 Rf6 37. Qd4 h5 38. Re3 hxg4 39.
Qxg4+ Rg6 40. Qxg6+ 1-0

[Event "Kvika Reykjavik Open 2022"]
[Site "Reykjavik ISL"]
[Date "2022.04.09"]
[Round "5.62"]
[White "Kolka, Dawid"]
[Black "Ptacnikova, Lenka"]
[Result "0-1"]
[BlackTitle "WGM"]
[WhiteElo "1897"]
[BlackElo "2186"]
[WhiteFideId "2308010"]
[BlackFideId "305650"]
[EventDate "2022.04.06"]

1. e4 d6 2. d4 Nf6 3. Nc3 e5 4. Nf3 Nbd7 5. Bc4 Be7 6. O-O O-O 7. h3 c6 8. Be3
b5 9. Bd3 a6 10. Ne2 Bb7 11. c3 Qc7 12. Nd2 d5 13. f4 dxe4 14. Bxe4 Nxe4 15.
Nxe4 exd4 16. cxd4 Rfe8 17. Bf2 Rad8 18. Rc1 Qa5 19. N2c3 c5 20. d5 c4 21. d6
Bf8 22. Nc5 Nxc5 23. Bxc5 Bxd6 24. Bxd6 Qb6+ 25. Kh2 Rxd6 26. Qc2 h6 27. Rce1
Rde6 28. Qd2 Qc6 29. Rxe6 Qxe6 30. Rf2 Qf6 31. Qd7 Bc6 32. Qd2 Rd8 33. Qc2 Rd3
34. Ne2 Qg6 35. Nc1 Qg3+ 36. Kg1 Rd6 37. Ne2 Qe3 38. Nc3 b4 39. Nb1 Be4 0-1

[Event "Kvika Reykjavik Open 2022"]
[Site "Reykjavik ISL"]
[Date "2022.04.09"]
[Round "5.63"]
[White "Solnicki, Michal"]
[Black "Larkin, Benjamin"]
[Result "1-0"]
[WhiteElo "2182"]
[BlackElo "1857"]
[WhiteFideId "1136348"]
[BlackFideId "479977"]
[EventDate "2022.04.06"]

1. d4 Nf6 2. Nf3 g6 3. g3 Bg7 4. Bg2 O-O 5. O-O d5 6. Nbd2 c5 7. c3 Nc6 8. dxc5
e5 9. b4 e4 10. Nd4 Ne5 11. N2b3 Nc4 12. a4 Nd7 13. f4 exf3 14. exf3 Re8 15. Re1
Nde5 16. Ra2 Bd7 17. h3 1-0

[Event "Kvika Reykjavik Open 2022"]
[Site "Reykjavik ISL"]
[Date "2022.04.09"]
[Round "5.64"]
[White "Wichtrup, Jan-Louis"]
[Black "Jonsson, Olafur Gisli"]
[Result "1-0"]
[WhiteElo "2166"]
[BlackElo "1847"]
[WhiteFideId "16229355"]
[BlackFideId "2302705"]
[EventDate "2022.04.06"]

1. e4 e5 2. Bc4 Nc6 3. d3 Nf6 4. Nf3 Bc5 5. c3 a6 6. Nbd2 d6 7. Bb3 O-O 8. Nf1
Ba7 9. Ng3 Ne7 10. Nh4 Be6 11. Bc2 Qd7 12. h3 h6 13. Bd2 Rad8 14. Qe2 a5 15. a4
d5 16. Rd1 Qc6 17. Qf3 dxe4 18. dxe4 Bc4 19. Ngf5 Nxf5 20. Nxf5 Kh7 21. g4 Ng8
22. h4 g6 23. Ne3 Bd3 24. Bxd3 Rxd3 25. h5 Qf6 26. Qe2 Bxe3 27. Bxe3 Rxd1+ 28.
Qxd1 Rd8 29. hxg6+ fxg6 30. Qe2 g5 31. Rh3 Ne7 32. Rf3 Qd6 33. Kf1 Qe6 34. Qb5
b6 35. Ke2 Ng6 36. Rf5 Qd6 37. Qd5 Qxd5 38. exd5 Rd7 39. Rf6 Kg7 40. Rc6 Kf7 41.
Kf3 Kg7 42. c4 Re7 43. Ke4 Nh8 44. d6 1-0

[Event "Kvika Reykjavik Open 2022"]
[Site "Reykjavik ISL"]
[Date "2022.04.09"]
[Round "5.65"]
[White "Garbuz, Vitaliy"]
[Black "Herrera, Diego"]
[Result "1-0"]
[WhiteElo "2142"]
[BlackElo "1832"]
[WhiteFideId "12990710"]
[BlackFideId "6601170"]
[EventDate "2022.04.06"]

1. e4 c5 2. d4 cxd4 3. c3 Nf6 4. e5 Nd5 5. Nf3 Nc6 6. Bc4 Nb6 7. Bb3 d6 8. exd6
Qxd6 9. O-O g6 10. Ng5 e6 11. Qf3 Qe7 12. Ne4 f5 13. Ng5 Bd7 14. Nxe6 Bxe6 15.
Re1 O-O-O 16. Rxe6 Qc5 17. Bg5 Be7 18. Bxe7 Nxe7 19. Re1 Nc6 20. cxd4 Nxd4 21.
Qf4 Rhe8 22. Nc3 Rxe1+ 23. Rxe1 Nxb3 24. axb3 Qd6 25. Qh4 Qd2 26. Qe7 Qd7 27.
Qc5+ Qc6 28. Qe3 Kb8 29. Qg5 Qd7 30. h4 Qd2 31. Qe7 Qd7 32. Qf6 Re8 33. Rd1 Qe7
34. Qd4 Qe5 35. Qb4 Qe7 36. Qf4+ Qc7 37. Qh6 Qe7 38. Nb5 Qe5 39. Nc3 Qe7 40.
Qf4+ Qc7 41. Qh6 Qe7 42. g3 a6 43. h5 Qf7 44. hxg6 hxg6 45. Qf4+ Ka7 46. Nb5+
axb5 47. Ra1+ Na4 48. bxa4 Qd5 49. axb5+ Kb6 50. Qh6 Kxb5 51. Qg7 Qc6 52. b4 Kb6
53. Qd4+ Kc7 54. b5 Qd6 55. b6+ Kd7 56. Qa4+ Qc6 57. Rd1+ 1-0

[Event "Kvika Reykjavik Open 2022"]
[Site "Reykjavik ISL"]
[Date "2022.04.09"]
[Round "5.66"]
[White "Jonsson, Kristjan Dagur"]
[Black "Sigeman, Johan"]
[Result "1/2-1/2"]
[WhiteElo "1828"]
[BlackElo "2136"]
[WhiteFideId "2313413"]
[BlackFideId "1705601"]
[EventDate "2022.04.06"]

1. d4 Nf6 2. c4 e6 3. g3 d5 4. Nf3 dxc4 5. Bg2 a6 6. O-O Nc6 7. a4 Rb8 8. Bg5
Be7 9. e3 O-O 10. Qe2 b5 11. Rc1 Bb7 12. Bxf6 Bxf6 13. Na3 Na5 14. Re1 Be4 15.
Nd2 Bxg2 16. Kxg2 c5 17. axb5 axb5 18. Nc2 Nb3 19. Rad1 Nxd2 20. Rxd2 cxd4 21.
Nxd4 Qc7 22. Red1 Rfd8 23. Qf3 Bxd4 24. Rxd4 Rxd4 25. Rxd4 h6 26. Qd1 b4 27. Rd7
Qc6+ 28. Kg1 c3 29. Rd8+ Rxd8 30. Qxd8+ Kh7 31. Qd3+ g6 32. bxc3 bxc3 33. Qc2
Qc4 34. h4 h5 35. e4 e5 36. Kg2 Qb4 37. Qd3 Qd4 38. Qb1 Qd2 39. Qb7 Kg7 40. Qc7
Qd4 41. Kg1 Qd1+ 42. Kg2 c2 43. Qxe5+ Kf8 44. Qb8+ Ke7 45. Qc7+ Ke6 46. Qc4+ Ke5
47. f4+ Kf6 48. Qc3+ Ke7 49. Qc5+ Ke8 50. Qc8+ Ke7 51. Qc5+ Kd8 52. Qf8+ Kc7 53.
Qc5+ Kd7 54. Qb5+ Kd8 55. Qb8+ Ke7 56. Qe5+ Kd7 57. Qb5+ Kc8 58. Qc6+ Kd8 59.
Qb6+ Ke8 60. Qb8+ Ke7 61. Qe5+ 1/2-1/2

[Event "Kvika Reykjavik Open 2022"]
[Site "Reykjavik ISL"]
[Date "2022.04.09"]
[Round "5.67"]
[White "Thomas, Kenneth"]
[Black "Karlsson, Mikael Johann"]
[Result "0-1"]
[WhiteElo "1834"]
[BlackElo "2119"]
[WhiteFideId "2022761"]
[BlackFideId "2305194"]
[EventDate "2022.04.06"]

1. Nf3 c5 2. c4 Nc6 3. d4 cxd4 4. Nxd4 g6 5. e4 Bg7 6. Be3 Qa5+ 7. Nc3 Nf6 8. f3
d6 9. Qd2 h5 10. Nb3 Qc7 11. Rc1 O-O 12. Be2 b6 13. O-O Ne5 14. Nd5 Qd7 15. Nd4
Ba6 16. b3 Kh7 17. a4 Rac8 18. a5 Nxd5 19. exd5 e6 20. dxe6 fxe6 21. axb6 axb6
22. Rcd1 Nf7 23. Bd3 e5 24. Ne2 Qe6 25. Ng3 h4 26. Ne4 Kg8 27. Nc3 Bb7 28. Bxb6
d5 29. Bf2 d4 30. Ne4 h3 31. Bg3 Bh6 32. Qe2 Be3+ 33. Kh1 Nh6 34. Rb1 Nf5 35.
Bf2 hxg2+ 36. Kxg2 Kg7 37. Rh1 Rh8 38. Kf1 Rh3 39. Ke1 Qe7 40. Bxe3 Nxe3 41. Rg1
Rch8 0-1

[Event "Kvika Reykjavik Open 2022"]
[Site "Reykjavik ISL"]
[Date "2022.04.09"]
[Round "5.68"]
[White "Kracht, Raphael"]
[Black "Rachlin, Paul"]
[Result "1-0"]
[WhiteElo "2101"]
[BlackElo "1820"]
[WhiteFideId "16214382"]
[BlackFideId "2053764"]
[EventDate "2022.04.06"]

1. e4 c6 2. d4 d5 3. e5 c5 4. Nf3 cxd4 5. Nxd4 Nc6 6. Nxc6 bxc6 7. Bd3 e6 8. Qe2
Bc5 9. Nd2 Ne7 10. Nf3 a5 11. h4 Qb6 12. h5 h6 13. Rh4 Ba6 14. c4 dxc4 15. Bxc4
Nf5 16. Re4 Bxc4 17. Rxc4 O-O-O 18. Bf4 Nd4 19. Nxd4 Rxd4 20. Rac1 Rxc4 21. Rxc4
Rd8 22. Qc2 Bb4+ 23. Kf1 Kb7 24. a3 Be7 25. Rc3 Rd5 26. Kg1 Qd4 27. g3 Qd1+ 28.
Qxd1 Rxd1+ 29. Kg2 Rd5 30. Kf3 Rb5 31. Rd3 Kc7 32. Rd2 Rb3+ 33. Ke2 Rb5 34. Rc2
Kb7 35. Kd3 Rd5+ 36. Ke4 Rd1 37. Bd2 a4 38. g4 Kb6 39. Kf3 Bg5 40. Ke2 Rxd2+ 41.
Rxd2 Bxd2 42. Kxd2 Kc5 43. Kc3 f6 44. exf6 gxf6 45. f4 Kd6 46. g5 Ke7 47. gxh6
Kf7 48. b3 e5 49. f5 axb3 50. Kxb3 1-0

[Event "Kvika Reykjavik Open 2022"]
[Site "Reykjavik ISL"]
[Date "2022.04.09"]
[Round "5.69"]
[White "Heer, Stephan"]
[Black "Skahlberg Bjerknes-Lima de Faria, Warg"]
[Result "1/2-1/2"]
[WhiteElo "2067"]
[BlackElo "1813"]
[WhiteFideId "1302345"]
[BlackFideId "1738100"]
[EventDate "2022.04.06"]

1. Nf3 c5 2. g3 Nc6 3. Bg2 g6 4. O-O Bg7 5. c3 e5 6. e4 Nge7 7. Na3 O-O 8. Re1
Re8 9. Rb1 d5 10. exd5 Nxd5 11. d3 h6 12. Nc2 Bf5 13. Nh4 Be6 14. Ne3 Nxe3 15.
Bxe3 Bxa2 16. Ra1 Bd5 17. Bxc5 Bxg2 18. Nxg2 Qd5 19. Be3 Red8 20. Qc1 Qxd3 21.
Bxh6 Bxh6 22. Qxh6 Qd2 23. Ne3 Qxb2 24. Rab1 Qxc3 25. Rec1 Qd2 26. Rd1 Qe2 27.
Re1 Qh5 28. Qxh5 gxh5 29. Rxb7 Rab8 30. Reb1 Kg7 31. Kg2 Kf6 32. h4 Ke6 33. R1b2
Rxb7 34. Rxb7 Rd7 35. Rb5 Nd4 36. Ra5 Rc7 37. Ra6+ Nc6 38. f3 f6 39. g4 hxg4 40.
fxg4 Kf7 41. h5 Nb4 42. Ra4 Nd3 43. Kf3 Nc5 44. Ra3 Rd7 45. Rc3 Ne6 46. Rc8 Rd8
47. Rc1 a5 48. Ra1 Ra8 49. Ke4 a4 50. Nd5 a3 51. Nc3 Nd4 52. Ra2 Ra5 53. Rf2 Kg7
54. Rh2 Rc5 55. Nd5 Rc2 56. h6+ Kg6 57. Rh1 Kh7 58. Nxf6+ Kh8 59. Kxe5 Nb3 60.
Rh3 Rc5+ 61. Kd6 Rb5 62. Re3 Rb6+ 63. Kc7 Rxf6 64. Rxb3 Ra6 65. Rb1 Rxh6 66. Ra1
Ra6 67. Kb7 Ra4 68. Kb6 Kg7 69. Kb5 Ra8 70. Kb4 Kg6 71. Rxa3 Rxa3 72. Kxa3 Kg5
73. Kb4 Kxg4 1/2-1/2

[Event "Kvika Reykjavik Open 2022"]
[Site "Reykjavik ISL"]
[Date "2022.04.09"]
[Round "5.70"]
[White "Marzik, Hans"]
[Black "Kumar, Sanjit S"]
[Result "0-1"]
[WhiteElo "2050"]
[BlackElo "1792"]
[WhiteFideId "16254686"]
[BlackFideId "468142"]
[EventDate "2022.04.06"]

1. d4 d5 2. c4 c6 3. Nf3 Nf6 4. Qb3 dxc4 5. Qxc4 Bf5 6. g3 e6 7. Bg2 Be7 8. O-O
O-O 9. Nc3 Nbd7 10. Re1 Ne4 11. e3 Rc8 12. Nd2 Nxd2 13. Bxd2 e5 14. Qa4 Qb6 15.
e4 Bg6 16. Be3 Qxb2 17. Rec1 Qa3 18. Qc2 exd4 19. Bxd4 c5 20. Be3 Bf6 21. Nb5
Qa6 22. Rab1 Qe6 23. a4 a6 24. Na3 b6 25. f3 Rfd8 26. Qe2 Nb8 27. Nc4 Rc6 28. h4
h6 29. Kh2 Bd4 30. Bh3 Qf6 31. Rd1 Bh5 32. Bg2 Qe6 33. Bf4 f6 34. Bh3 f5 35.
Bxf5 Qf6 36. Bh3 g5 37. e5 Re8 38. Qa2 Qf7 39. hxg5 Bxf3 40. Rg1 Bd5 41. e6 Bxe6
42. Bxe6 Rcxe6 43. g6 Re2+ 44. Rg2 Rxg2+ 45. Qxg2 Qxg6 46. Qf3 Qxb1 47. Qd5+ Kh8
48. Nd6 Qg1+ 49. Kh3 Qf1+ 50. Kh4 Bf6+ 51. Kh5 Qe2+ 52. Kg6 Qg4+ 53. Kxf6 Nd7+ 0-1

[Event "Kvika Reykjavik Open 2022"]
[Site "Reykjavik ISL"]
[Date "2022.04.09"]
[Round "5.71"]
[White "Thorisson, Benedikt"]
[Black "Kartsev, Nikolay"]
[Result "1-0"]
[WhiteElo "1778"]
[BlackElo "2041"]
[WhiteFideId "2314576"]
[BlackFideId "12939536"]
[EventDate "2022.04.06"]

1. e4 c5 2. Nf3 d6 3. d4 cxd4 4. Nxd4 Nf6 5. Nc3 Nc6 6. Be3 e6 7. f3 Be7 8. Qd2
O-O 9. g4 d5 10. g5 Nxd4 11. Qxd4 Nd7 12. exd5 Bxg5 13. O-O-O Bf6 14. Qd2 Qa5
15. Bd4 exd5 16. Rg1 Kh8 17. Bxf6 Nxf6 18. Qg5 Rg8 19. h4 h6 20. Qe5 Be6 21. Bc4
Rac8 22. Bb3 Rc5 23. Rg2 d4 24. Qxd4 Bxb3 25. axb3 Rf5 26. f4 Qa1+ 27. Nb1 Rd5
28. Qg1 Rgd8 29. Rxd5 Nxd5 30. Qd4 f6 31. c4 Re8 32. Qxd5 Re1+ 33. Kc2 Qxb1+ 34.
Kc3 Rd1 35. Qxb7 a5 36. Qxg7# 1-0

[Event "Kvika Reykjavik Open 2022"]
[Site "Reykjavik ISL"]
[Date "2022.04.09"]
[Round "5.72"]
[White "Omarsson, Adam"]
[Black "Collins, Adam"]
[Result "0-1"]
[WhiteElo "1740"]
[BlackElo "2039"]
[WhiteFideId "2311453"]
[BlackFideId "2512300"]
[EventDate "2022.04.06"]

1. Nf3 Nf6 2. g3 g6 3. Bg2 Bg7 4. d4 O-O 5. O-O d5 6. h3 c5 7. c3 Nc6 8. Ne5 Qb6
9. dxc5 Qxc5 10. Nd3 Qd6 11. b3 Rd8 12. Ba3 Qc7 13. Qc1 Ne4 14. Kh2 Bf5 15. f4
h5 16. Nf2 Nxf2 17. Rxf2 Rac8 18. e3 e6 19. Bb2 Nb4 20. Bf1 Bxb1 21. Qxb1 Bxc3
22. a3 Bxb2 23. Qxb2 Nc6 24. g4 hxg4 25. hxg4 d4 26. exd4 Rxd4 27. Kg3 g5 28.
Qc1 Rcd8 29. b4 Rxf4 30. Rxf4 Rd4 31. b5 Rxf4 32. Be2 Rf1+ 33. Kh3 Rxc1 34. Rxc1
Qf4 0-1

[Event "Kvika Reykjavik Open 2022"]
[Site "Reykjavik ISL"]
[Date "2022.04.09"]
[Round "5.73"]
[White "Skarphedinsson, Ingvar Wu"]
[Black "Steiner, Juraj"]
[Result "1-0"]
[WhiteElo "1673"]
[BlackElo "2028"]
[WhiteFideId "2316943"]
[BlackFideId "367516"]
[EventDate "2022.04.06"]

1. d4 Nf6 2. c4 e6 3. g3 c5 4. d5 e5 5. Nc3 d6 6. Bg2 Be7 7. e4 O-O 8. Nge2 Nh5
9. O-O Nd7 10. b3 g6 11. Bh6 Ng7 12. f4 exf4 13. Bxf4 g5 14. Be3 Ne5 15. h3 Bd7
16. Nc1 f5 17. Nd3 Ng6 18. e5 dxe5 19. Nxc5 Qb6 20. d6 Bxd6 21. Nd5 Qd8 22. Nxb7
Qb8 23. Bxg5 Ne8 24. Nxd6 Qxd6 25. Ne7+ Nxe7 26. Qxd6 Nxd6 27. Bxe7 Nf7 28. Rad1
Be6 29. Bxf8 Rxf8 30. Bd5 Bc8 31. Rde1 Re8 32. g4 1-0

[Event "Kvika Reykjavik Open 2022"]
[Site "Reykjavik ISL"]
[Date "2022.04.09"]
[Round "5.74"]
[White "White, Nigel"]
[Black "Klasinc, Kristjan"]
[Result "1/2-1/2"]
[WhiteElo "2018"]
[BlackElo "1779"]
[WhiteFideId "455830"]
[BlackFideId "12966460"]
[EventDate "2022.04.06"]

1. e4 d6 2. d4 Nf6 3. Nc3 e5 4. Nf3 exd4 5. Nxd4 Be7 6. Bc4 O-O 7. O-O Re8 8.
Re1 c6 9. a4 a5 10. h3 Bf8 11. Bg5 h6 12. Bh4 Nbd7 13. Qd2 Ne5 14. Bf1 Ng6 15.
Bg3 Qb6 16. b3 Bd7 17. Rad1 Rad8 18. Kh1 Qb4 19. f3 Bc8 20. Nb1 Nh5 21. Bf2 d5
22. c3 Qd6 23. exd5 Ng3+ 24. Kg1 Nxf1 25. Kxf1 Qxd5 26. Qc2 Qh5 27. Ne2 Bf5 28.
Rxd8 Bxc2 29. Rxe8 Bxb3 30. Rb8 b5 31. axb5 cxb5 32. Nd2 Bc2 33. Nd4 Bd3+ 34.
Kg1 Kh7 35. Ne4 b4 36. cxb4 Bxb4 37. Re3 Bc4 38. Ne2 Bxe2 39. Rxe2 Nf4 40. Rc2
Qe5 41. Rbc8 f5 42. Ng3 Nd3 43. Re2 Qa1+ 44. Kh2 Nxf2 45. Rxf2 Bd6 46. Rcc2 Bf4
47. Rfe2 a4 48. h4 Qf6 49. Kh3 Bxg3 50. Kxg3 f4+ 51. Kh3 Qg6 52. Kh2 Qg3+ 53.
Kg1 Qxh4 54. Ra2 Qd8 55. Re4 g5 56. Raxa4 Kg6 57. Ra6+ Kh5 58. Ree6 Qh8 59. Kh2
Qg7 60. Re1 Kh4 61. Rh1 g4 62. fxg4 Kxg4 63. Rf1 Qc7 64. Kh1 Qc4 65. Raa1 Qe4
66. Rf3 Qf5 67. Raf1 h5 68. Kh2 h4 69. Rxf4+ Qxf4+ 70. Rxf4+ Kxf4 71. Kh3 1/2-1/2

[Event "Kvika Reykjavik Open 2022"]
[Site "Reykjavik ISL"]
[Date "2022.04.09"]
[Round "5.75"]
[White "Manukonda, Arun"]
[Black "Smith, Lynda"]
[Result "1-0"]
[BlackTitle "WCM"]
[WhiteElo "2014"]
[BlackElo "1772"]
[WhiteFideId "5080789"]
[BlackFideId "1800191"]
[EventDate "2022.04.06"]

1. d4 f5 2. c4 Nf6 3. Nf3 g6 4. g3 Bg7 5. Bg2 d6 6. Nc3 c6 7. d5 e5 8. dxe6 Bxe6
9. Bf4 Bxc4 10. Bxd6 Nd5 11. Be5 Qe7 12. Qd4 Bxe5 13. Nxe5 Nxc3 14. Qxc3 Ba6 15.
O-O-O O-O 16. f4 Qe6 17. Qa3 Kg7 18. Rd6 Qe8 19. Rhd1 Bxe2 20. R1d2 Bh5 21. Rd8 1-0